Catalog

Record Details

Catalog Search



The girl and the field of bones : Emma Griffin   Cover Image Book Book

The girl and the field of bones : Emma Griffin / A.J. Rivers.

Summary:

There are secrets only the dead can tell. And some of these secrets refuse to remain buried. Since the death of her mother, FBI agent Emma Griffin has devoted her life to uncover the truth behind even the most shocking mysteries. Now Emma must confront the dangerous, but unavoidable truth behind what she witnessed in the temple. The people behind this secret society call themselves the Order. The Order has committed one too many atrocities to ignore.

Record details

  • ISBN: 9798551247500
  • Physical Description: 263 pages ; 23 cm
  • Publisher: [Coppell, Texas] : [A.J. Rivers], [2020]
Subject: Women detectives > Fiction.
United States. Federal Bureau of Investigation > Officials and employees > Fiction.
Murder > Investigation > Fiction.
Family secrets > Fiction.
Employees.
Genre: Detective and mystery fiction.
Thrillers (Fiction)

Available copies

  • 1 of 1 copy available at scottsboropl.

Holds

  • 0 current holds with 1 total copy.
Show Only Available Copies
Location Call Number / Copy Notes Barcode Shelving Location Status Due Date
scottsboropl F Riv 32269001237240 Adult - Fiction Available -

LDR 02217cam a2200517 i 4500
001161687
003SBPL
00520230912154027.0
008201112s2020 txu e 000 1 eng d
020 . ‡a9798551247500
035 . ‡a(OCoLC)1205587912
08204. ‡a813/.6 ‡223
1001 . ‡aRivers, A. J. ‡c(Mystery author), ‡eauthor.
24514. ‡aThe girl and the field of bones : ‡bEmma Griffin / ‡cA.J. Rivers.
264 1. ‡a[Coppell, Texas] : ‡b[A.J. Rivers], ‡c[2020]
300 . ‡a263 pages ; ‡c23 cm
336 . ‡atext ‡btxt ‡2rdacontent
337 . ‡aunmediated ‡bn ‡2rdamedia
338 . ‡avolume ‡bnc ‡2rdacarrier
4900 . ‡aEmma Griffin FBI mystery ; ‡vBk 10
520 . ‡aThere are secrets only the dead can tell. And some of these secrets refuse to remain buried. Since the death of her mother, FBI agent Emma Griffin has devoted her life to uncover the truth behind even the most shocking mysteries. Now Emma must confront the dangerous, but unavoidable truth behind what she witnessed in the temple. The people behind this secret society call themselves the Order. The Order has committed one too many atrocities to ignore.
Butth. ‡aeir vow of secrets and silence locked behind vaulted doors has made Emma’s mission of confronting the truth, almost impossible. When another mystery resurfaces and death comes knocking close to home, Emma begins to feel entrapped by a maze. A mysterious field with the dead buried beneath. The lives of the past and the present lay on the line. The only way to save them is to fight the terrifying monsters head on. But what do you do when the evil you are fighting lurks in the shadows and refuse to come out? There is no more running, and you cannot hide. The only option is to fight like mad to survive.
650 0. ‡aWomen detectives ‡vFiction.
61010. ‡aUnited States. ‡bFederal Bureau of Investigation ‡xOfficials and employees ‡vFiction.
650 0. ‡aMurder ‡xInvestigation ‡vFiction.
650 0. ‡aFamily secrets ‡vFiction.
650 7. ‡aEmployees. ‡2fast ‡0(OCoLC)fst00909111
655 7. ‡aDetective and mystery fiction. ‡2lcgft
655 7. ‡aThrillers (Fiction) ‡2lcgft
901 . ‡a161687 ‡bAUTOGEN ‡c161687 ‡tbiblio

Additional Resources